Statistics for All Formula 1 Teams in 21th Century

Click here to take the quiz!

General Stats

  • This quiz has been taken 217 times
  • The average score is 22 of 35

Answer Stats

Last yearTeam% Correct
2023Ferrari
99%
2023Red Bull
99%
2023McLaren
98%
2023Mercedes
98%
2023Williams
95%
2023Alpine
93%
2023Aston Martin
93%
2023Haas
93%
2023Alfa Romeo
91%
2023Alpha Tauri
91%
2020Renault
91%
2018Sauber
80%
2019Toro Rosso
78%
2018Force India
77%
2020Racing Point
72%
2015Lotus
70%
2009Brawn
65%
2008Honda
53%
2005Minardi
50%
2014Caterham
48%
2004Jaguar
48%
2015Marussia
47%
2005Jordan
46%
2009Toyota
46%
2001Benetton
45%
2012HRT
37%
2016Manor
36%
2001Prost
36%
2005BAR
34%
2011Virgin
34%
2007Spyker
31%
2002Arrows
28%
2010BMW Sauber
28%
2008Super Aguri
28%
2006Midland
20%

Score Distribution

Percentile by Number Answered

Percent of People with Each Score

Your Score History

You have not taken this quiz